000 00235nam a22000857a 4500
008 161215b xxu||||| |||| 00| 0 eng d
100 _92064
_aGarg. P.K
245 _aPractice Excercises in Mathematics part-I
260 _aNEW DELHI
_bNCERT
_c2005
999 _c4933
_d4933